<?xml version="1.0" encoding="UTF-8"?>
<collection xmlns="http://www.loc.gov/MARC21/slim">
 <record>
  <leader>01708nam a2200505   4500</leader>
  <controlfield tag="001">DLU050047875</controlfield>
  <controlfield tag="005">##20050614</controlfield>
  <controlfield tag="008">##011228s2002    nyua     bs  i000 0 eng d</controlfield>
  <datafield tag="010" ind1="#" ind2="#">
   <subfield code="a">  2001279303</subfield>
  </datafield>
  <datafield tag="020" ind1="#" ind2="#">
   <subfield code="a">0195216067 (pbk.)</subfield>
  </datafield>
  <datafield tag="020" ind1="#" ind2="#">
   <subfield code="a">0195216075 (clothbound)</subfield>
  </datafield>
  <datafield tag="035" ind1="#" ind2="#">
   <subfield code="a">(OCoLC)ocm47981186</subfield>
  </datafield>
  <datafield tag="040" ind1="#" ind2="#">
   <subfield code="a">DJB</subfield>
   <subfield code="c">DJB</subfield>
   <subfield code="d">DLC</subfield>
  </datafield>
  <datafield tag="042" ind1="#" ind2="#">
   <subfield code="a">lccopycat</subfield>
  </datafield>
  <datafield tag="043" ind1="#" ind2="#">
   <subfield code="a">d------</subfield>
  </datafield>
  <datafield tag="082" ind1="#" ind2="#">
   <subfield code="a">380.1</subfield>
   <subfield code="b">WOR</subfield>
  </datafield>
  <datafield tag="110" ind1="#" ind2="#">
   <subfield code="a">World Bank</subfield>
  </datafield>
  <datafield tag="245" ind1="#" ind2="#">
   <subfield code="a">Building institutions for markets /</subfield>
   <subfield code="c">World Bank</subfield>
  </datafield>
  <datafield tag="260" ind1="#" ind2="#">
   <subfield code="a">New York :</subfield>
   <subfield code="b">Published for the World Bank, Oxford University Press,</subfield>
   <subfield code="c">2002.</subfield>
  </datafield>
  <datafield tag="300" ind1="#" ind2="#">
   <subfield code="a">xii, 249 p. :</subfield>
   <subfield code="b">ill., maps ;</subfield>
   <subfield code="c">27 cm.</subfield>
  </datafield>
  <datafield tag="440" ind1="#" ind2="#">
   <subfield code="a">World development report,</subfield>
   <subfield code="x">0163-5085 ;</subfield>
   <subfield code="v">2002</subfield>
  </datafield>
  <datafield tag="500" ind1="#" ind2="#">
   <subfield code="a">&quot;Selected world development indicators&quot;--P. 229-241.</subfield>
  </datafield>
  <datafield tag="500" ind1="#" ind2="#">
   <subfield code="a">&quot;This Report has been prepared by a team led by Roumeen Islam ...&quot;--P. v.</subfield>
  </datafield>
  <datafield tag="504" ind1="#" ind2="#">
   <subfield code="a">Includes bibliographical references (p. [195]-228).</subfield>
  </datafield>
  <datafield tag="530" ind1="#" ind2="#">
   <subfield code="a">Also available on the World Wide Web.</subfield>
  </datafield>
  <datafield tag="650" ind1="#" ind2="#">
   <subfield code="a">Equality</subfield>
   <subfield code="z">Developing countries.</subfield>
  </datafield>
  <datafield tag="650" ind1="#" ind2="#">
   <subfield code="a">Institution building</subfield>
   <subfield code="z">Developing countries.</subfield>
  </datafield>
  <datafield tag="650" ind1="#" ind2="#">
   <subfield code="a">Poverty</subfield>
   <subfield code="z">Developing countries.</subfield>
  </datafield>
  <datafield tag="651" ind1="#" ind2="#">
   <subfield code="a">Developing countries</subfield>
   <subfield code="x">Economic policy.</subfield>
  </datafield>
  <datafield tag="651" ind1="#" ind2="#">
   <subfield code="a">Developing countries</subfield>
   <subfield code="x">Social policy.</subfield>
  </datafield>
  <datafield tag="700" ind1="#" ind2="#">
   <subfield code="a">Islam, Roumeen.</subfield>
  </datafield>
  <datafield tag="710" ind1="#" ind2="#">
   <subfield code="a">World Bank</subfield>
  </datafield>
  <datafield tag="856" ind1="#" ind2="#">
   <subfield code="u">http://econ.worldbank.org/wdr/structureddoc.php?pr=2391&amp;docid=2394</subfield>
  </datafield>
  <datafield tag="856" ind1="#" ind2="#">
   <subfield code="z">Previous reports:</subfield>
   <subfield code="u">http://econ.worldbank.org/wdr/index.php</subfield>
  </datafield>
  <datafield tag="923" ind1="#" ind2="#">
   <subfield code="a">18/2005</subfield>
  </datafield>
  <datafield tag="992" ind1="#" ind2="#">
   <subfield code="a">13.100</subfield>
  </datafield>
  <datafield tag="994" ind1="#" ind2="#">
   <subfield code="a">DLU</subfield>
  </datafield>
  <datafield tag="998" ind1="#" ind2="#">
   <subfield code="a">KY</subfield>
  </datafield>
  <datafield tag="900" ind1="#" ind2="#">
   <subfield code="a">True</subfield>
  </datafield>
  <datafield tag="911" ind1="#" ind2="#">
   <subfield code="a">Đào Thị Thu Huyền</subfield>
  </datafield>
  <datafield tag="925" ind1="#" ind2="#">
   <subfield code="a">G</subfield>
  </datafield>
  <datafield tag="926" ind1="#" ind2="#">
   <subfield code="a">A</subfield>
  </datafield>
  <datafield tag="927" ind1="#" ind2="#">
   <subfield code="a">SH</subfield>
  </datafield>
  <datafield tag="980" ind1="#" ind2="#">
   <subfield code="a">Thư viện Trường Đại học Đà Lạt</subfield>
  </datafield>
 </record>
</collection>
